000 00800nam a2200265Ia 4500
003 OSt
005 20220928122658.0
006 a|||||r|||| 00| 0
007 ta
008 220927b |||||||| |||| 00| 0 eng d
020 _c450
024 _a115550
037 _b240, 29/02/2012, Classic Book Service
_cTextual
040 _aSDCL
_cSDCL
_beng
041 _2eng
_aeng
082 _aD65,1451691, P2
100 _aFranco Sergio
_9458802
245 0 _aDesign with operational amplifiers and analog integrated circuits.
250 _a3
260 _aNew Delhi
_bTata McGraw Hill
_c2002
300 _axiv,658p
_ccm.
650 _aElectronic Science
942 _hD65,1451691, P2
_cTEXL
_2CC
999 _c772168
_d772168